000 01143nam a22002057a 4500
005 20240822153032.0
010 _aHIN-128293
020 _c250.00
_a9780143441533
035 _aHN-100639
037 _bDBAD
082 _a780.8
100 _aखान अली अमजद
_970436
245 _aसुर के सितारे;
_bभारतीय शास्त्रीय संगीत के दिग्गजों पर खां साहब के संस्मरण/
_cलेखक अमजद अली खान और नीलम भट्ट द्वारा अनुवादित
260 _aहरियाणा
_bपेंगुइन रैंडम हाउस इंडिया प्रा. लि.
_c2017
270 _aएन- 3/25, मोहन गार्डन, उत्तम नगर
_bहरियाणा
_e122002
300 _a116पृ.
_c21 सेमी. (अजिल्द)
650 _aहिन्दी
_970437
700 _aनीलम भट्ट द्वारा अनुवादित
_970438
942 _2ddc
_cHN
_h780.8
_mखानअ
999 _c205211
_d205211